Statistiken für Größte Binnenstaaten der Welt

Klicken Sie hier um das Quiz zu spielen!

Allgemein

  • Dieses Quiz wurde 379 mal gespielt
  • Das Durchschnittsergebnis liegt bei 12 aus 15

Antwortstatistiken

HintAntwort% Korrekt
2.724.900 km²Kasachstan
98%
1.564.116 km²Mongolei
96%
1.284.000 km²Tschad
93%
1.098.581 km²Bolivien
91%
447.400 km²Usbekistan
91%
1.267.000 km²Niger
90%
1.240.192 km²Mali
88%
488.100 km²Turkmenistan
87%
644.329 km²Südsudan
81%
652.230 km²Afghanistan
78%
581.730 km²Botswana
78%
622.984 km²Zentralafrikanische Republik
78%
1.104.300 km²Äthiopien
76%
752.618 km²Sambia
76%
406.752 km²Pakistan
24%

Verteilung der Resultate

Perzentil nach korrekt beantworteten Fragen

Anzahl Personen mit jedem Resultat

Ihre Resultats-Entwicklung

Sie haben dieses Quiz noch nicht gespielt